000 00542cam a2200193 4500
001 D6222
008 090401t1977 xxu||||| |||| 00| 0 eng d
035 _a(Sirsi) u91701
041 _aeng
050 _a692.80212
110 _aJoint Contracts Tribunal
_93664
245 _aStandard form of building contract; formula rules, work category indices Series 2, dated 4 April 1977
260 _aLondon
_bRIBA Publications
_c1977
300 _a22p. 30cm
350 _a0
520 _aFiled at JCT 1977/6A
942 _n0
948 _c04/03/1997
999 _c97666
_d97666